<?xml version="1.0" encoding="UTF-8"?>
<marc:record xmlns:marc="http://www.loc.gov/MARC21/slim">
   <marc:leader>00000nam a2200000 a 4500</marc:leader>
   <marc:datafield ind1="1" ind2=" " tag="100">
      <marc:subfield code="a">Henn, Carsten Sebastian</marc:subfield>
      <marc:subfield code="4">aut</marc:subfield>
      <marc:subfield code="e">Verfasser/-in</marc:subfield>
   </marc:datafield>
   <marc:datafield ind1="0" ind2="0" tag="245">
      <marc:subfield code="a">Der letzte Caffè</marc:subfield>
   </marc:datafield>
   <marc:datafield ind1="0" ind2="0" tag="245">
      <marc:subfield code="b">ein kulinarischer Kriminalroman</marc:subfield>
   </marc:datafield>
   <marc:datafield ind1="0" ind2="0" tag="245">
      <marc:subfield code="c">Carsten Sebastian Henn</marc:subfield>
   </marc:datafield>
   <marc:datafield ind1=" " ind2="1" tag="264">
      <marc:subfield code="a">München</marc:subfield>
      <marc:subfield code="b">Pendo</marc:subfield>
      <marc:subfield code="c">2018</marc:subfield>
   </marc:datafield>
   <marc:datafield ind1="1" ind2=" " tag="520">
      <marc:subfield code="a">Angaben aus der Verlagsmeldung

Der letzte Caffè : Ein kulinarischer Krimi / von Carsten Sebastian Henn

Triest – Stadt der Winde und des Kaffees. Hier soll es den besten Espresso von ganz Italien geben, der Capo Triestino ist eine stadteigene Spezialität. Eines Morgens wird auf der berühmten Piazza grande eine verkohlte Leiche gefunden. Der Tote war einer der besten Baristas der norditalienischen Hafenstadt, vier andere sind spurlos verschwunden. Doch wer hätte ein Motiv, den gefeierten Künstlern der Espressomaschinen Leid zuzufügen? Sofort wird Professor Adalbert Bietigheim zu Hilfe gerufen. Pikanterweise ist einer der verschwundenen Baristas der Mann seiner großen Jugendliebe – für den sie ihn damals verlassen hat. Dennoch bezieht er bei ihrer Familie in Schloss Duino mit Foxterrier Benno Quartier, um ein im wahrsten Sinne des Wortes dunkles Verbrechen aufzuklären ...

</marc:subfield>
   </marc:datafield>
   <marc:datafield ind1=" " ind2=" " tag="020">
      <marc:subfield code="a">9783866124455</marc:subfield>
      <marc:subfield code="9">9783866124455</marc:subfield>
   </marc:datafield>
   <marc:datafield ind1=" " ind2=" " tag="020">
      <marc:subfield code="a">3866124457</marc:subfield>
      <marc:subfield code="9">3866124457</marc:subfield>
   </marc:datafield>
   <marc:datafield ind1=" " ind2=" " tag="041">
      <marc:subfield code="a">ger</marc:subfield>
   </marc:datafield>
   <marc:datafield ind1=" " ind2=" " tag="300">
      <marc:subfield code="a">332 Seiten</marc:subfield>
   </marc:datafield>
</marc:record>
